Mestizo : the history, culture, and politics of the Mexican and the Chicano = Mestizo: la historia, la cultura y la política de los mexicanos y los chicanos /
Tallennettuna:
| Päätekijä: | |
|---|---|
| Aineistotyyppi: | Tuntematon |
| Kieli: | English |
| Julkaistu: |
Lanham :
University Press of America,
1998.
|
| Aiheet: | |
| Tagit: |
Lisää tagi
Ei tageja, Lisää ensimmäinen tagi!
|
MARC
| LEADER | 000000000a22000000004500 | ||
|---|---|---|---|
| 001 | 013443 | ||
| 020 | |a 0761809198 | ||
| 041 | 0 | |a eng | |
| 082 | 0 | 4 | |a 305.686 |b V466m |
| 100 | 1 | |a Vento, Arnoldo C. | |
| 245 | 1 | 0 | |a Mestizo : |b the history, culture, and politics of the Mexican and the Chicano = Mestizo: la historia, la cultura y la política de los mexicanos y los chicanos / |c Arnoldo C. Vento. |
| 246 | 3 | 1 | |a Mestizo: la historia, la cultura y la política de los mexicanos y los chicanos |
| 260 | 1 | |a Lanham : |b University Press of America, |c 1998. | |
| 300 | |a xvi, 316 páginas : |b ilustraciones ; |c 24 cm. | ||
| 650 | 4 | |a MEXICANO | |
| 650 | 4 | |a AMERICANOS | |
| 650 | 4 | |a HISTORIA | |
| 650 | 4 | |a MESTIZOS | |
| 650 | 4 | |a ESTADOS UNIDOS | |
| 650 | 4 | |a IDENTIDAD ETNICA | |
| 650 | 4 | |a POLITICA Y GOBIERNO | |
| 500 | |a Colección George Yúdice | ||
| 999 | |c 19366 |d 19366 | ||
| 942 | |c BK |h 305.686 V466m |2 z | ||



